000 00500nam a2200205Ia 4500
001 5662
003 GE_BSU
008 181216s||||||||xx |||||||||||||| ||und||
040 _cGE_BSU
080 _a512.1(075.4)
100 _aКречмар, В.А.
245 _aЗадачник по алгебре.
250 _aизд. 7-ое
260 _aМоска
260 _bНаука
260 _c1972
300 _a415с. 20см.
653 _aЗадачник по алгебре
942 _cBK
999 _c39093
_d39093